Name That Game Show Quiz Stats

Quiz Updated Nov 8, 2017

Also try: Game Show by Scene
Challenge
Share
Tweet
Embed
Score 0/16 Timer 05:00
1 Play Today
% Correct
Who Wants to Be a Millionaire?
95.9%
Wheel of Fortune
95.4%
Name That Tune
94.3%
Supermarket Sweep
92.8%
Jeopardy!
92.3%
Family Feud
91.6%
Let's Make a Deal
90.3%
Scrabble
89.7%
% Correct
Hollywood Squares
89.2%
The Dating Game
85.6%
Win Ben Stein's Money
85.3%
The Price Is Right
80.4%
Press Your Luck
80.1%
Sale of the Century
74.4%
Match Game
60.9%
Concentration
59.9%

You're not logged in!

Compare scores with friends on all Sporcle quizzes.
Sign Up with Email
OR
Log In

You Might Also Like...

Show Comments

Extras

Top Quizzes Today


Score Distribution

Your Account Isn't Verified!

In order to create a playlist on Sporcle, you need to verify the email address you used during registration. Go to your Sporcle Settings to finish the process.